| 000 | 00925cam a2200241 a 4500 | ||
|---|---|---|---|
| 001 | 000006626 | ||
| 005 | 20200929153948.0 | ||
| 008 | 860221s1984 cu b 001 0 spa | ||
| 040 |
_aDO-SdBNP _bspa _cDLC _dBNPHU |
||
| 082 |
_a928.7291 _bM828i |
||
| 100 | 1 |
_aMorales Pérez, Salvador E. _d1939- _918388 |
|
| 245 | 1 | 0 |
_aIdeología y luchas revolucionarias de José Martí / _cSalvador E. Morales Pérez ; edición Elba Pérez Rodríguez. |
| 260 |
_aLa Habana, Cuba : _bEditorial Ciencias Sociales, _c1984. |
||
| 300 |
_a582 p. ; _c18 cm. |
||
| 490 | 1 | _aPolíticas | |
| 504 | _aIncluye referencias bibliográficas (p. 565-582). | ||
| 600 | 1 | 4 |
_aMARTÍ, JOSÉ, _d1853-1895 _xOPINIONES POLÍTICAS Y SOCIALES _918389 |
| 600 | 1 | 4 |
_aMARTÍ, JOSÉ _d1853-1895 _xPENSAMIENTO POLÍTICO _918390 |
| 700 | 1 |
_aPérez Rodríguez, Elba _eed. _918391 |
|
| 830 | 0 |
_aPolíticas. _918392 |
|
| 910 | _aCatalogación por copia / LC | ||
| 049 | _aBNGR | ||
| 999 |
_c6416 _d6416 |
||